[Event "Mundial Juvenil femenino 2005 s16"]
[Site "Belfort FRA"]
[Date "2005.07.27"]
[Round "8.20"]
[White "Ignacz, Rozsa"]
[Black "Zapata, Talia"]
[Result "0-1"]
[WhiteElo "1903"]
[BlackElo "2152"]
[PlyCount "94"]
[EventDate "2005.07.19"]
[EventType "swiss"]
[EventRounds "11"]
[EventCountry "FRA"]
[Source "lmi"]
[SourceDate "2005.07.31"]

1. e4 c5 2. Nf3 d6 3. d4 cxd4 4. Nxd4 Nf6 5. Nc3 a6 6. Rg1 b5 7. g4 Bb7 8. Bg2
Qc7 9. Be3 e6 10. h3 Nc6 11. Qd2 Nd7 12. O-O-O Nb6 13. Nxc6 Bxc6 14. Bxb6 Qxb6
15. f4 Be7 16. Kb1 O-O 17. f5 Rfd8 18. g5 b4 19. Ne2 d5 20. exd5 Bxd5 21. Qe1
Bxg2 22. Rxd8+ Rxd8 23. Rxg2 exf5 24. Nc1 Bf8 25. Nd3 Qc6 26. Rg1 a5 27. h4 Qc7
28. Qf2 a4 29. Re1 Qc4 30. Ne5 Qd5 31. Qf1 a3 32. Nc4 Rc8 33. b3 Rd8 34. Qh1
Qd4 35. h5 f4 36. Qg1 f3 37. Qxd4 Rxd4 38. Kc1 f2 39. Rf1 Be7 40. Rxf2 Bxg5+
41. Nd2 Rxd2 42. Rxd2 Bxd2+ 43. Kxd2 g5 44. c3 bxc3+ 45. Kxc3 f5 46. b4 Kf7 47.
Kd4 h6 0-1

[Event "Mundial Juvenil femenino 2005 s16"]
[Site "Belfort FRA"]
[Date "2005.07.28"]
[Round "9.2"]
[White "Mikadze, Miranda"]
[Black "Leks, Hanna"]
[Result "1/2-1/2"]
[WhiteElo "2210"]
[BlackElo "2173"]
[PlyCount "110"]
[EventDate "2005.07.19"]
[EventType "swiss"]
[EventRounds "11"]
[EventCountry "FRA"]
[Source "lmi"]
[SourceDate "2005.07.31"]

1. e4 e5 2. Nf3 Nf6 3. d3 d5 4. exd5 Qxd5 5. Nc3 Bb4 6. Be2 O-O 7. O-O Bxc3 8.
bxc3 c5 9. Nd2 Nc6 10. Bf3 Qd6 11. Nc4 Qc7 12. Re1 Be6 13. Bxc6 Bxc4 14. Bf3
Bd5 15. c4 Bxf3 16. Qxf3 Nd7 17. Bb2 f6 18. Qd5+ Kh8 19. f4 Nb6 20. Qf3 Na4 21.
Bc1 Rae8 22. f5 Rd8 23. Rb1 Rf7 24. Be3 a6 25. Rb3 Qd7 26. Bf2 g6 27. fxg6 hxg6
28. Re4 Kg7 29. Rg4 f5 30. Rh4 f4 31. Rh3 b5 32. cxb5 axb5 33. Qe4 Rf5 34. Bh4
Rh8 35. g4 fxg3 36. Rxg3 Qd4+ 37. Qxd4 exd4 38. Rg4 Nc3 39. Ra3 Na4 40. Re4 g5
41. Bg3 Rhf8 42. Kg2 R8f7 43. Re6 Rf1 44. Rb3 Nc3 45. Re5 R1f5 46. Rxf5 Rxf5
47. Be1 Nd5 48. Rxb5 Ne3+ 49. Kg3 Nxc2 50. Ba5 Kg6 51. Bb6 Ne1 52. Rxc5 Rf3+
53. Kg4 Rf4+ 54. Kg3 Rf3+ 55. Kg4 Rf4+ 1/2-1/2

[Event "Mundial Juvenil femenino 2005 s16"]
[Site "Belfort FRA"]
[Date "2005.07.28"]
[Round "9.3"]
[White "Saheli, Nath"]
[Black "Hamrakulova, Yulduz"]
[Result "0-1"]
[WhiteElo "2187"]
[BlackElo "2114"]
[PlyCount "127"]
[EventDate "2005.07.19"]
[EventType "swiss"]
[EventRounds "11"]
[EventCountry "FRA"]
[Source "lmi"]
[SourceDate "2005.07.31"]

1. e4 e5 2. Nf3 Nf6 3. Nxe5 d6 4. Nf3 Nxe4 5. d4 d5 6. Bd3 Nc6 7. O-O Be7 8. c4
Nb4 9. Be2 O-O 10. Nc3 Nxc3 11. bxc3 Nc6 12. cxd5 Qxd5 13. Bf4 Qd8 14. Rb1 b6
15. Bd3 Bf6 16. Be4 Bb7 17. Re1 Na5 18. d5 Re8 19. Qd3 g6 20. c4 Ba6 21. Nd2
Rc8 22. Re3 Qd7 23. Qc2 Qg4 24. Bg3 Bg5 25. Bf3 Qf5 26. Rxe8+ Rxe8 27. Qxf5
gxf5 28. Nb3 f4 29. Nxa5 fxg3 30. Nc6 Bxc4 31. hxg3 a5 32. a3 Bd3 33. Rd1 Bc2
34. Rd4 Re1+ 35. Kh2 Bf6 36. Rf4 Bb2 37. Nd8 Bg6 38. a4 Rc1 39. Nc6 Kf8 40. Nd4
Bxd4 41. Rxd4 Ke7 42. g4 Kd6 43. Kg3 Kc5 44. Rd2 Rc4 45. Bd1 Rd4 46. Rxd4 Kxd4
47. Bb3 Kc3 48. Ba2 f6 49. f4 Kb2 50. Bc4 Kc3 51. Ba2 Kb2 52. Bc4 h6 53. Bb5
Kc3 54. g5 hxg5 55. fxg5 fxg5 56. Kg4 Be4 57. g3 Bxd5 58. Kxg5 c6 59. Be2 Kd2
60. Ba6 c5 61. Kf6 c4 62. Bxc4 Bxc4 63. Ke5 Bd3 64. g4 0-1

[Event "Mundial Juvenil femenino 2005 s16"]
[Site "Belfort FRA"]
[Date "2005.07.28"]
[Round "9.4"]
[White "Harika, Dronavalli"]
[Black "Darbinian, Nune"]
[Result "1-0"]
[WhiteElo "2396"]
[BlackElo "2072"]
[PlyCount "81"]
[EventDate "2005.07.19"]
[EventType "swiss"]
[EventRounds "11"]
[EventCountry "FRA"]
[Source "lmi"]
[SourceDate "2005.07.31"]

1. d4 d5 2. c4 c6 3. Nf3 Nf6 4. e3 Bf5 5. Nc3 e6 6. Nh4 Bg4 7. Qb3 Qb6 8. h3
Bh5 9. g4 Bg6 10. Nxg6 hxg6 11. g5 Ng8 12. Bd2 Nd7 13. Qc2 dxc4 14. Bxc4 Ne7
15. O-O-O O-O-O 16. Ne4 Nd5 17. Qa4 Qc7 18. Qxa7 N7b6 19. Bxd5 cxd5+ 20. Kb1
Kd7 21. Ba5 Ra8 22. Qxa8 Nxa8 23. Bxc7 Nxc7 24. Ng3 Rh4 25. f4 Nb5 26. Kc2 Nd6
27. b3 Be7 28. Kd3 Kc6 29. Rc1+ Kb6 30. Rc2 f6 31. gxf6 gxf6 32. Rg2 g5 33.
fxg5 fxg5 34. Ne2 Rh8 35. Nc3 Ka6 36. e4 dxe4+ 37. Nxe4 Nxe4 38. Kxe4 Rd8 39.
Ke5 Bf8 40. Kxe6 Rxd4 41. Rxg5 1-0

[Event "Mundial Juvenil femenino 2005 s16"]
[Site "Belfort FRA"]
[Date "2005.07.28"]
[Round "9.5"]
[White "Kozjukova, Olga"]
[Black "Foisor, Sabina-Francesca"]
[Result "0-1"]
[WhiteElo "1986"]
[BlackElo "2230"]
[PlyCount "78"]
[EventDate "2005.07.19"]
[EventType "swiss"]
[EventRounds "11"]
[EventCountry "FRA"]
[Source "lmi"]
[SourceDate "2005.07.31"]

1. e4 c5 2. Nf3 a6 3. d4 cxd4 4. Nxd4 Nf6 5. Nc3 e5 6. Nb3 Bb4 7. Bd2 d6 8. Bd3
O-O 9. O-O b5 10. Qe2 Nbd7 11. f4 exf4 12. Rxf4 Ne5 13. Raf1 Be6 14. Rxf6 gxf6
15. Nd5 Bxd5 16. exd5 Bxd2 17. Nxd2 Ra7 18. Rf5 Ng6 19. Ne4 Re7 20. Nxf6+ Kg7
21. Qf2 Qa5 22. Nh5+ Kg8 23. Nf6+ Kg7 24. Nh5+ Kh8 25. Qd4+ Re5 26. c3 Qa4 27.
Qf2 Qd1+ 28. Bf1 Qxd5 29. Rxe5 Qxe5 30. Nf6 Qc5 31. Ne4 Qxf2+ 32. Kxf2 Rd8 33.
Ke3 Kg7 34. Kd4 f5 35. Ng5 Re8 36. Bd3 h6 37. Nf3 Kf6 38. g3 h5 39. c4 Ne5 0-1

[Event "Mundial Juvenil femenino 2005 s16"]
[Site "Belfort FRA"]
[Date "2005.07.28"]
[Round "9.6"]
[White "Benmesbah, Natacha"]
[Black "Rysbayeva, Nazerke"]
[Result "0-1"]
[WhiteElo "2127"]
[BlackElo "1599"]
[PlyCount "156"]
[EventDate "2005.07.19"]
[EventType "swiss"]
[EventRounds "11"]
[EventCountry "FRA"]
[Source "lmi"]
[SourceDate "2005.07.31"]

1. e4 c6 2. c4 d5 3. exd5 cxd5 4. cxd5 Qxd5 5. Nc3 Qd8 6. d4 Nf6 7. Nf3 e6 8.
Bd3 Be7 9. O-O O-O 10. Be3 Nc6 11. a3 b6 12. Rc1 Bb7 13. Bb1 Rc8 14. Qd3 Re8
15. Rfd1 g6 16. Qe2 Bf8 17. Bg5 Be7 18. Ba2 Nd5 19. Bh6 Nxc3 20. Rxc3 Bf6 21.
h3 Nxd4 22. Nxd4 Bxd4 23. Rxc8 Bxc8 24. Be3 e5 25. Bxd4 exd4 26. Rxd4 Bd7 27.
Qd2 Re7 28. h4 h5 29. Rd6 Kh7 30. g4 Qe8 31. gxh5 Re1+ 32. Kh2 Qe5+ 33. f4 Re2+
34. Kg3 Qxh5 35. Rxd7 Rxd2 36. Rxd2 Qc5 37. Re2 Kg7 38. Kf3 Qc6+ 39. Kg3 Kf6
40. Kf2 Qc5+ 41. Kg2 Qc6+ 42. Kg3 Qh1 43. Bc4 Qc1 44. Bb5 Qg1+ 45. Kf3 Qc5 46.
Bd3 Qd5+ 47. Be4 Qh5+ 48. Ke3 Qxh4 49. Rc2 Qe1+ 50. Kf3 Qd1+ 51. Ke3 Qg1+ 52.
Kf3 Qh1+ 53. Ke3 Qh3+ 54. Bf3 Qe6+ 55. Be4 Qb3+ 56. Bd3 Kg7 57. Rc7 a5 58. Rc2
Qe6+ 59. Kf2 Qg4 60. Rc4 Qh3 61. Be4 Qb3 62. Rc2 f5 63. Bxf5 gxf5 64. Re2 Qc4
65. Kf3 Kf6 66. Re3 Qd5+ 67. Kg3 Qd4 68. Re2 Qd3+ 69. Kf2 a4 70. Ke1 Qg3+ 71.
Rf2 Qe3+ 72. Kf1 Qh3+ 73. Ke2 Qb3 74. Kf1 Ke6 75. Re2+ Kd6 76. Kf2 Kd5 77. Kg2
Qd3 78. Rf2 Kc4 0-1

[Event "Mundial Juvenil femenino 2005 s16"]
[Site "Belfort FRA"]
[Date "2005.07.28"]
[Round "9.8"]
[White "Gunina, Valentina"]
[Black "Baptista, Ana Filipa"]
[Result "1-0"]
[WhiteElo "2394"]
[BlackElo "2025"]
[PlyCount "63"]
[EventDate "2005.07.19"]
[EventType "swiss"]
[EventRounds "11"]
[EventCountry "FRA"]
[Source "lmi"]
[SourceDate "2005.07.31"]

1. d4 Nf6 2. Nf3 e6 3. c4 Bb4+ 4. Bd2 c5 5. Bxb4 cxb4 6. Nbd2 d5 7. cxd5 exd5
8. Qa4+ Nc6 9. Ne5 O-O 10. Nxc6 bxc6 11. Qxb4 a5 12. Qa3 Ba6 13. e3 Qb6 14. Bd3
Bxd3 15. Qxd3 Qxb2 16. O-O Qb4 17. Rfc1 Qd6 18. h3 Rfc8 19. Nb3 Ne4 20. Nc5 f5
21. Rc2 Rab8 22. Rac1 Rb4 23. f3 Ng3 24. Qd2 Rb5 25. Nd3 Nh5 26. Ne5 Qa3 27.
Rxc6 Rxc6 28. Rxc6 Rb1+ 29. Kh2 h6 30. Qc2 Rb8 31. Qxf5 Nf6 32. Rxf6 1-0

[Event "Mundial Juvenil femenino 2005 s16"]
[Site "Belfort FRA"]
[Date "2005.07.28"]
[Round "9.9"]
[White "Gomes, Mary Ann"]
[Black "Laurens, Julia"]
[Result "1-0"]
[WhiteElo "2265"]
[BlackElo "2034"]
[PlyCount "79"]
[EventDate "2005.07.19"]
[EventType "swiss"]
[EventRounds "11"]
[EventCountry "FRA"]
[Source "lmi"]
[SourceDate "2005.07.31"]

1. Nf3 d5 2. c4 c6 3. g3 Bg4 4. Bg2 e6 5. O-O Nd7 6. cxd5 cxd5 7. Nc3 Ngf6 8.
d3 Bd6 9. h3 Bh5 10. g4 Bg6 11. e4 dxe4 12. dxe4 Ne5 13. Nxe5 Bxe5 14. Qe2 O-O
15. f4 Bxc3 16. bxc3 h6 17. Rb1 Qc7 18. f5 Bh7 19. Rb3 Nd7 20. Be3 e5 21. c4 f6
22. c5 Kh8 23. Qb5 Rfc8 24. Rc1 Rab8 25. Rd3 Nf8 26. a4 a6 27. Qb2 Nd7 28. Qd2
Nf8 29. Rd6 Bg8 30. a5 Rd8 31. Rd1 Rxd6 32. cxd6 Qc6 33. Rc1 Qa4 34. Rc7 Nd7
35. Kh2 Bc4 36. Qc3 Bb5 37. Ba7 Ra8 38. Rxb7 Bc6 39. Rb4 Qxa5 40. Rb8+ 1-0

[Event "Mundial Juvenil femenino 2005 s16"]
[Site "Belfort FRA"]
[Date "2005.07.28"]
[Round "9.10"]
[White "Corke, Anya"]
[Black "Congiu, Mathilde"]
[Result "1-0"]
[WhiteElo "2223"]
[BlackElo "2046"]
[PlyCount "99"]
[EventDate "2005.07.19"]
[EventType "swiss"]
[EventRounds "11"]
[EventCountry "FRA"]
[Source "lmi"]
[SourceDate "2005.07.31"]

1. d4 Nf6 2. Bg5 d5 3. Bxf6 exf6 4. e3 Be6 5. Bd3 f5 6. Ne2 Nd7 7. Nf4 c6 8. c3
Bd6 9. Qc2 g6 10. Nd2 Nf6 11. Nxe6 fxe6 12. a3 Qe7 13. Nf3 Ne4 14. c4 O-O 15.
g3 Rac8 16. Qe2 Nf6 17. Nd2 Rfe8 18. c5 Bc7 19. f4 a5 20. b4 b5 21. a4 bxa4 22.
b5 cxb5 23. Bxb5 Rf8 24. O-O Ne4 25. Nxe4 fxe4 26. Bxa4 Rb8 27. Bb5 Kh8 28. h4
Qg7 29. Rab1 h6 30. Kg2 Kh7 31. Rb2 Kg8 32. Kh1 Qf6 33. Rfb1 g5 34. Qg4 Rf7 35.
Bc6 Rxb2 36. Rxb2 Rg7 37. hxg5 hxg5 38. Rh2 Qg6 39. f5 Qxf5 40. Qxf5 exf5 41.
Bxd5+ Kf8 42. Rf2 Bxg3 43. Rxf5+ Ke7 44. Bxe4 a4 45. Rf1 Rf7 46. Ra1 Bf2 47.
Bd5 Rf8 48. Bc6 Kd8 49. Ra3 Kc7 50. d5 1-0

[Event "Mundial Juvenil femenino 2005 s16"]
[Site "Belfort FRA"]
[Date "2005.07.28"]
[Round "9.12"]
[White "Rakic, Marija"]
[Black "Robles Garcia, Claudia"]
[Result "1-0"]
[WhiteElo "2057"]
[BlackElo "2144"]
[PlyCount "93"]
[EventDate "2005.07.19"]
[EventType "swiss"]
[EventRounds "11"]
[EventCountry "FRA"]
[Source "lmi"]
[SourceDate "2005.07.31"]

1. d4 Nf6 2. c4 g6 3. Nc3 d5 4. Nf3 Bg7 5. Bg5 Ne4 6. cxd5 Nxg5 7. Nxg5 e6 8.
Qd2 h6 9. Nf3 exd5 10. e3 O-O 11. Be2 c6 12. O-O Nd7 13. b4 Nf6 14. b5 Ne4 15.
Qc2 Nxc3 16. Qxc3 cxb5 17. Bxb5 Be6 18. Qb3 Rc8 19. Be2 Qe7 20. Ne1 Rc7 21. Nd3
Rfc8 22. Rac1 Rxc1 23. Nxc1 Bf8 24. Nd3 Qa3 25. Qxb7 Qxa2 26. Nf4 Rc2 27. Bf3
Rb2 28. Qa8 Rb1 29. g3 a5 30. Rxb1 Qxb1+ 31. Kg2 g5 32. Nxd5 Qa2 33. Nf6+ Kg7
34. Nh5+ Kg8 35. d5 Bf5 36. e4 Bh3+ 37. Kxh3 Qxf2 38. Kg4 f5+ 39. exf5 Qd4+ 40.
Kh3 Qd3 41. d6 Qxf5+ 42. g4 Qd3 43. Qd5+ Qxd5 44. Bxd5+ Kh7 45. d7 Be7 46. Bc6
Kg6 47. Ng3 1-0

[Event "Mundial Juvenil femenino 2005 s16"]
[Site "Belfort FRA"]
[Date "2005.07.28"]
[Round "9.13"]
[White "Merkulova, Iryna"]
[Black "Umudova, Nargiz"]
[Result "1/2-1/2"]
[WhiteElo "1599"]
[BlackElo "2121"]
[PlyCount "85"]
[EventDate "2005.07.19"]
[EventType "swiss"]
[EventRounds "11"]
[EventCountry "FRA"]
[Source "lmi"]
[SourceDate "2005.07.31"]

1. e4 c5 2. c3 d6 3. d4 Nf6 4. Bd3 g6 5. Nf3 Bg7 6. O-O O-O 7. h3 cxd4 8. cxd4
Nc6 9. Nc3 Bd7 10. Be3 a6 11. d5 Ne5 12. Nxe5 dxe5 13. Na4 Bxa4 14. Qxa4 Ne8
15. Rac1 Nd6 16. Rc5 f5 17. f3 Rf7 18. Qc2 Qf8 19. Re1 Rd8 20. Rc7 Rc8 21. Rc3
Rd8 22. Rc7 Rc8 23. Rc3 Re8 24. Bc5 Rd8 25. Bb6 Re8 26. Bc5 Kh8 27. b4 h5 28.
a4 Rc8 29. b5 axb5 30. Bxb5 Qd8 31. Kh1 Qa5 32. Rb1 fxe4 33. fxe4 Nxe4 34. Bb4
Rxc3 35. Qxe4 Qc7 36. Bxc3 Qxc3 37. Qxg6 Rf2 38. Bd3 Kg8 39. Bf5 Qc4 40. Qe8+
Bf8 41. Qg6+ Bg7 42. Qe8+ Bf8 43. Qg6+ 1/2-1/2

[Event "Mundial Juvenil femenino 2005 s16"]
[Site "Belfort FRA"]
[Date "2005.07.28"]
[Round "9.14"]
[White "Van Nies, Pauline"]
[Black "Batzaya, Yanjav"]
[Result "0-1"]
[WhiteElo "2074"]
[BlackElo "1908"]
[PlyCount "106"]
[EventDate "2005.07.19"]
[EventType "swiss"]
[EventRounds "11"]
[EventCountry "FRA"]
[Source "lmi"]
[SourceDate "2005.07.31"]

1. e4 e6 2. d4 d5 3. Nd2 Nf6 4. e5 Nfd7 5. c3 c5 6. f4 Nc6 7. Ndf3 Qa5 8. Ne2
Be7 9. g3 cxd4 10. Nexd4 Qb6 11. Bh3 Nc5 12. O-O f5 13. Kh1 Bd7 14. g4 g6 15.
gxf5 gxf5 16. Ng5 Bxg5 17. Qh5+ Kd8 18. Qxg5+ Kc7 19. Be3 Rag8 20. Qh4 Nxd4 21.
Bxd4 Qc6 22. Qf2 Ne4 23. Qe3 b6 24. b3 Rg6 25. a4 Rhg8 26. Rf3 R6g7 27. Qe1 Be8
28. Rf1 Bh5 29. Qe3 Ng3+ 30. Kg2 Nxf1+ 31. Kxf1 Rg1+ 32. Qxg1 Rxg1+ 33. Kxg1
Qe8 34. Kf2 Qe7 35. Kg3 Qg7+ 36. Kf2 Qh6 37. Kg3 Be2 38. Bg2 Qg7+ 39. Kf2 Bh5
40. h3 Qe7 41. Kg3 Be2 42. a5 bxa5 43. Bxa7 Kb7 44. Bd4 Qd8 45. b4 axb4 46. Rb1
h5 47. Kf2 Bd3 48. Rxb4+ Kc8 49. Ke3 Bc4 50. Rb6 Qh4 51. Kf3 Qe1 52. Rb2 h4 53.
Be3 Qg3# 0-1

[Event "Mundial Juvenil femenino 2005 s16"]
[Site "Belfort FRA"]
[Date "2005.07.28"]
[Round "9.15"]
[White "Atnilov, Bela"]
[Black "Van Der Merwe, Anna Margaretha"]
[Result "1/2-1/2"]
[WhiteElo "2153"]
[BlackElo "2012"]
[PlyCount "46"]
[EventDate "2005.07.19"]
[EventType "swiss"]
[EventRounds "11"]
[EventCountry "FRA"]
[Source "lmi"]
[SourceDate "2005.07.31"]

1. e4 e6 2. d4 d5 3. Nd2 c5 4. Ngf3 Nf6 5. e5 Nfd7 6. c3 Nc6 7. Bd3 Qb6 8. O-O
cxd4 9. cxd4 Nxd4 10. Nxd4 Qxd4 11. Nf3 Qb6 12. Qc2 Qc5 13. Bxh7 Qxc2 14. Bxc2
b6 15. Bf4 Ba6 16. Rfc1 Nc5 17. Nd4 Nd3 18. Bxd3 Bxd3 19. Rc7 Bc5 20. Nb3 Be7
21. Rc3 Ba6 22. a4 O-O 23. Rac1 Rfc8 1/2-1/2

[Event "Mundial Juvenil femenino 2005 s16"]
[Site "Belfort FRA"]
[Date "2005.07.28"]
[Round "9.16"]
[White "Zapata, Talia"]
[Black "Steil-Antoni, Fiona"]
[Result "1/2-1/2"]
[WhiteElo "2152"]
[BlackElo "1956"]
[PlyCount "76"]
[EventDate "2005.07.19"]
[EventType "swiss"]
[EventRounds "11"]
[EventCountry "FRA"]
[Source "lmi"]
[SourceDate "2005.07.31"]

1. d4 d5 2. c4 e6 3. Nc3 Nf6 4. Bg5 Be7 5. Nf3 O-O 6. e3 h6 7. Bh4 b6 8. cxd5
Nxd5 9. Nxd5 Bxh4 10. Nxh4 exd5 11. Nf3 Be6 12. Bd3 c5 13. dxc5 bxc5 14. O-O
Nd7 15. b3 Rc8 16. Ba6 Rc7 17. Rc1 Qe7 18. Qe2 Rd8 19. h3 Bf5 20. Bd3 Bxd3 21.
Qxd3 Nf6 22. Rfd1 Rdc8 23. Nd2 Qe6 24. Rc3 c4 25. Qd4 Qa6 26. a4 cxb3 27. Rxb3
Qe2 28. Rf1 Rc2 29. Rb2 R8c3 30. Rxc2 Rxc2 31. Nf3 Ne4 32. Qd1 Qc4 33. Ne5 Qa2
34. Qf3 f6 35. Ng6 Nd2 36. Qf5 Nxf1 37. Qe6+ Kh7 38. Nf8+ Kh8 1/2-1/2

[Event "Mundial Juvenil femenino 2005 s16"]
[Site "Belfort FRA"]
[Date "2005.07.28"]
[Round "9.17"]
[White "Iurascu, Mihaela"]
[Black "Gavrilova, Anastasia"]
[Result "1/2-1/2"]
[WhiteElo "1901"]
[BlackElo "2082"]
[PlyCount "45"]
[EventDate "2005.07.19"]
[EventType "swiss"]
[EventRounds "11"]
[EventCountry "FRA"]
[Source "lmi"]
[SourceDate "2005.07.31"]

1. c4 Nf6 2. Nc3 c5 3. e4 Nc6 4. g3 e6 5. Bg2 d6 6. d3 Be7 7. Nge2 O-O 8. O-O
a6 9. h3 Nd7 10. Be3 Qc7 11. Rc1 b6 12. d4 cxd4 13. Nxd4 Bb7 14. b3 Nxd4 15.
Bxd4 Rac8 16. Qe2 Qb8 17. Rfd1 Rfd8 18. Na4 Bc6 19. Nc3 b5 20. cxb5 axb5 21. b4
Qb7 22. Bf1 Rb8 23. a4 1/2-1/2

[Event "Mundial Juvenil femenino 2005 s16"]
[Site "Belfort FRA"]
[Date "2005.07.28"]
[Round "9.19"]
[White "Bold, Sarantungalag"]
[Black "Khudaya, Aliaksandra"]
[Result "1-0"]
[WhiteElo "1599"]
[BlackElo "2117"]
[PlyCount "70"]
[EventDate "2005.07.19"]
[EventType "swiss"]
[EventRounds "11"]
[EventCountry "FRA"]
[Source "lmi"]
[SourceDate "2005.07.31"]

1. e4 c5 2. c3 e6 3. d4 d5 4. e5 Nc6 5. Nf3 Qb6 6. Bd3 Bd7 7. dxc5 Bxc5 8. O-O
Qc7 9. b4 Bb6 10. Bf4 Nge7 11. a4 a5 12. Na3 Nd8 13. Rc1 Qb8 14. b5 Bc5 15. Nc2
Ng6 16. Bg3 Qc7 17. Re1 O-O 18. Ncd4 Qb6 19. Qc2 Qa7 20. h4 Re8 21. Ng5 h6 22.
Ngf3 Ne7 23. Bf4 Rc8 24. g4 Rf8 25. Qd2 h5 26. gxh5 Nf5 27. Kh1 Re8 28. Rg1 Bf8
29. h6 g6 30. h5 Kh7 31. Ng5+ Kh8 32. Bxf5 exf5 33. e6 Bxe6 34. Be5+ Bg7 35.
Bxg7+ Kg8 1-0

[Event "Mundial Juvenil femenino 2005 s16"]
[Site "Belfort FRA"]
[Date "2005.07.28"]
[Round "9.20"]
[White "Stefanova, Milena"]
[Black "Ferry, Justine"]
[Result "1-0"]
[WhiteElo "2022"]
[BlackElo "1876"]
[PlyCount "53"]
[EventDate "2005.07.19"]
[EventType "swiss"]
[EventRounds "11"]
[EventCountry "FRA"]
[Source "lmi"]
[SourceDate "2005.07.31"]

1. e4 c5 2. c3 d5 3. exd5 Qxd5 4. d4 Nf6 5. Nf3 cxd4 6. cxd4 e6 7. Nc3 Qa5 8.
Bd3 Be7 9. O-O O-O 10. Bf4 a6 11. a3 Nd5 12. Nxd5 Qxd5 13. Ne5 Nc6 14. Re1 h6
15. Nxc6 Qxc6 16. Qh5 f5 17. Rac1 Qb6 18. Rc7 Bd6 19. Rxg7+ Kxg7 20. Bxh6+ Kf6
21. Qg5+ Kf7 22. Bxf5 Rg8 23. Qh5+ Kf6 24. h4 exf5 25. Bg5+ Rxg5 26. hxg5+ Kg7
27. Qh6+ 1-0

[Event "Mundial Juvenil femenino 2005 s16"]
[Site "Belfort FRA"]
[Date "2005.07.29"]
[Round "10.2"]
[White "Ignacz, Maria"]
[Black "Foisor, Sabina-Francesca"]
[Result "1-0"]
[WhiteElo "2265"]
[BlackElo "2230"]
[PlyCount "99"]
[EventDate "2005.07.19"]
[EventType "swiss"]
[EventRounds "11"]
[EventCountry "FRA"]
[Source "lmi"]
[SourceDate "2005.07.31"]

1. e4 c5 2. Nf3 a6 3. Nc3 e6 4. d4 cxd4 5. Nxd4 b5 6. g3 Bb7 7. Bg2 Nf6 8. Bg5
Be7 9. O-O d6 10. Re1 Qc7 11. Bxf6 gxf6 12. Qh5 O-O 13. Bh3 Kh8 14. Nd5 Qd8 15.
Nf5 Nc6 16. Qh6 Rg8 17. Ndxe7 exf5 18. Nxg8 Qxg8 19. Qxf6+ Qg7 20. Qxg7+ Kxg7
21. Bxf5 Ne5 22. Red1 Rd8 23. b3 f6 24. Kg2 d5 25. f4 Nf7 26. exd5 Bxd5+ 27.
Kf2 Rd6 28. Rd3 Bb7 29. Rxd6 Nxd6 30. Rd1 Nxf5 31. Rd7+ Kg6 32. Rxb7 Nd4 33. c4
bxc4 34. bxc4 h6 35. Ke3 Nf5+ 36. Kd3 Kh5 37. c5 Kg4 38. Rh7 Kh3 39. c6 Kxh2
40. g4 Nd6 41. Rxh6+ Kg3 42. Rxf6 Ne8 43. g5 Kg4 44. Rf7 Kh5 45. c7 Nd6 46. Rf8
a5 47. Rd8 Nc8 48. Rxc8 a4 49. Rh8+ Kg6 50. Rh1 1-0

[Event "Mundial Juvenil femenino 2005 s16"]
[Site "Belfort FRA"]
[Date "2005.07.29"]
[Round "10.3"]
[White "Rysbayeva, Nazerke"]
[Black "Harika, Dronavalli"]
[Result "0-1"]
[WhiteElo "1599"]
[BlackElo "2396"]
[PlyCount "68"]
[EventDate "2005.07.19"]
[EventType "swiss"]
[EventRounds "11"]
[EventCountry "FRA"]
[Source "lmi"]
[SourceDate "2005.07.31"]

1. e4 c5 2. Nf3 Nc6 3. c3 Nf6 4. e5 Nd5 5. d4 cxd4 6. Bc4 Nb6 7. Bb3 d5 8. exd6
Qxd6 9. O-O Be6 10. Na3 dxc3 11. Qe2 Bxb3 12. Nb5 Qb8 13. axb3 e5 14. Nbd4 Nxd4
15. Nxd4 f6 16. bxc3 Kf7 17. Nf5 g6 18. Ng3 Be7 19. f4 exf4 20. Bxf4 Qc8 21. c4
Re8 22. Qf3 Qc6 23. Qg4 a6 24. Bh6 Nd7 25. Rad1 Rad8 26. Kh1 Nc5 27. Qe2 Rxd1
28. Qxd1 Qd7 29. Qc2 Qd6 30. Ne4 f5 31. Bg5 Ke6 32. Bxe7 fxe4 33. Bg5 Nd7 34.
Be3 Rf8 0-1

[Event "Mundial Juvenil femenino 2005 s16"]
[Site "Belfort FRA"]
[Date "2005.07.29"]
[Round "10.4"]
[White "Pelletier, Katherine"]
[Black "Mikadze, Miranda"]
[Result "0-1"]
[WhiteElo "2096"]
[BlackElo "2210"]
[PlyCount "81"]
[EventDate "2005.07.19"]
[EventType "swiss"]
[EventRounds "11"]
[EventCountry "FRA"]
[Source "lmi"]
[SourceDate "2005.07.31"]

1. e4 d5 2. exd5 Qxd5 3. Nc3 Qa5 4. d4 c6 5. Nf3 Nf6 6. Bc4 Bf5 7. Ne5 e6 8. g4
Bg6 9. h4 Nbd7 10. Nxd7 Nxd7 11. h5 Be4 12. Rh3 Bd5 13. Be2 Bd6 14. Kf1 O-O-O
15. Bd2 Qc7 16. b4 Nb6 17. Nxd5 cxd5 18. b5 Nc4 19. Bxc4 Qxc4+ 20. Qe2 Qxd4 21.
Bc3 Qf4 22. Bxg7 Rhg8 23. h6 Kb8 24. Qf3 Qc4+ 25. Qe2 Qa4 26. g5 Rc8 27. c3 Qf4
28. Qe3 Qg4 29. Rf3 Qh5 30. Rh3 Qg6 31. Rc1 Rc4 32. Be5 Bxe5 33. Qxe5+ Kc8 34.
Rg3 Kd7 35. Qe3 b6 36. Qf3 Rgc8 37. Qe2 Rh4 38. Kg1 Rcc4 39. f3 Qf5 40. Rc2 Rh3
41. Kf2 0-1

[Event "Mundial Juvenil femenino 2005 s16"]
[Site "Belfort FRA"]
[Date "2005.07.29"]
[Round "10.5"]
[White "Leks, Hanna"]
[Black "Gunina, Valentina"]
[Result "0-1"]
[WhiteElo "2173"]
[BlackElo "2394"]
[PlyCount "92"]
[EventDate "2005.07.19"]
[EventType "swiss"]
[EventRounds "11"]
[EventCountry "FRA"]
[Source "lmi"]
[SourceDate "2005.07.31"]

1. e4 c6 2. d4 d5 3. Nc3 dxe4 4. Nxe4 Nf6 5. Nxf6+ gxf6 6. c3 h5 7. Nf3 Bh6 8.
g3 Bxc1 9. Rxc1 Bg4 10. h3 Bxf3 11. Qxf3 h4 12. Bg2 Nd7 13. O-O Nf8 14. Rfe1
Qd6 15. d5 c5 16. Qe3 Ng6 17. b4 Rc8 18. g4 b6 19. a4 f5 20. Qg5 fxg4 21. Qxg4
Kd8 22. Qf5 Kc7 23. bxc5 bxc5 24. Qxf7 Rcf8 25. Qe6 Nf4 26. Qxe7+ Qxe7 27.
Rxe7+ Kd6 28. Rce1 Rhg8 29. R1e6+ Nxe6 30. Rxe6+ Kd7 31. Ra6 Rf3 32. Rxa7+ Kd6
33. Ra6+ Ke5 34. Re6+ Kf5 35. Re3 Rxe3 36. fxe3 Ra8 37. d6 Rd8 38. a5 Rxd6 39.
Bb7 Rd2 40. a6 Ra2 41. Kf1 Ke5 42. Ke1 Kd6 43. e4 Kc7 44. Kf1 Ra3 45. Kf2 Rxc3
46. e5 Ra3 0-1

[Event "Mundial Juvenil femenino 2005 s16"]
[Site "Belfort FRA"]
[Date "2005.07.29"]
[Round "10.6"]
[White "Darbinian, Nune"]
[Black "Gomes, Mary Ann"]
[Result "1/2-1/2"]
[WhiteElo "2072"]
[BlackElo "2265"]
[PlyCount "80"]
[EventDate "2005.07.19"]
[EventType "swiss"]
[EventRounds "11"]
[EventCountry "FRA"]
[Source "lmi"]
[SourceDate "2005.07.31"]

1. Nf3 f5 2. d3 Nf6 3. e4 d6 4. Nc3 g6 5. exf5 Bxf5 6. d4 Nc6 7. d5 Ne5 8. Nxe5
dxe5 9. Bb5+ Kf7 10. Qe2 Qd6 11. a4 e6 12. dxe6+ Bxe6 13. O-O c6 14. Bd3 Bg7
15. f4 e4 16. Nxe4 Nxe4 17. Bxe4 Rhe8 18. Qf3 Kg8 19. Bd3 Kh8 20. c3 Rad8 21.
Be2 Bd5 22. Qf2 Qe6 23. Re1 Bb3 24. Kf1 a6 25. a5 Bf8 26. f5 Qxf5 27. Qxf5 gxf5
28. Bg5 Rd6 29. Bh5 Rxe1+ 30. Rxe1 Re6 31. Rxe6 Bxe6 32. Ke2 Kg7 33. g3 Bd6 34.
Bf4 Be7 35. Kd3 Kf6 36. h4 Bc5 37. b4 Bf2 38. Bg5+ Ke5 39. Bf4+ Kf6 40. Bg5+
Ke5 1/2-1/2